Munkavállalói résztulajdonosi Program (MRP).

Hlavné črty a pravidlá programu zamestnaneckého spoluvlastníctva v Maďarsku vychádza z vládneho programu na najbližšie 3 roky. 30-35 perc. štátneho majetku sa v najbližších rokoch v Maďarsku dostane do súkromného vlastníctva. Detailné podmienky vzniku a tvorby účastín v jednotlivých odvetviach a pod...

Descrizione completa

Salvato in:
Dettagli Bibliografici
Autore principale: Lukács, J.
Natura: Capitolo di libro
Lingua:ungherese
Soggetti:
Tags: Aggiungi Tag
Nessun Tag, puoi essere il primo ad aggiungerne!!

MARC

LEADER 00000naa a2200000 4500
001 r005678
005 20221125113935.9
041 0 |a hun 
044 |a HU 
245 1 0 |a Munkavállalói résztulajdonosi Program (MRP).  |c J. Lukács 
520 |a Hlavné črty a pravidlá programu zamestnaneckého spoluvlastníctva v Maďarsku vychádza z vládneho programu na najbližšie 3 roky. 30-35 perc. štátneho majetku sa v najbližších rokoch v Maďarsku dostane do súkromného vlastníctva. Detailné podmienky vzniku a tvorby účastín v jednotlivých odvetviach a podnikoch. Na príklade štátnej vagónky poukázané na konkrétne problémy, priebeh a predpokladaný efekt privatizácie. 
610 2 0 |a ESOP 
610 2 0 |a privatizácia 
610 2 0 |a akcie 
610 2 0 |a MR 
610 2 0 |a vlastníctvo 
100 1 |a Lukács, J.